[Event "First Saturday 2010 junius IM-A"]
[Site "Budapest"]
[Date "2010.06.10"]
[Round "6"]
[White "Lengyel, Bela"]
[Black "Gretarsson, Hjorvar S"]
[Result "1-0"]
[WhiteElo "2266"]
[BlackElo "2394"]
[PlyCount "85"]
[EventDate "2010.06.05"]

1. e4 c5 2. Nf3 e6 3. d4 cxd4 4. Nxd4 Nc6 5. Nb5 d6 6. c4 Nf6 7. N1c3 a6 8. Na3
Be7 9. Be2 O-O 10. O-O b6 11. Be3 Bb7 12. Qb3 Nd7 13. Rfd1 Nc5 14. Qc2 Bf6 15.
Rac1 Be5 16. Nab1 Qf6 17. Qd2 Qg6 18. f4 Bf6 19. Bf3 Rad8 20. Qe2 Be7 21. Na3
Nb4 22. Nc2 Nxc2 23. Rxc2 Rc8 24. f5 Qf6 25. b4 Nd7 26. e5 Nxe5 27. Bxb7 Rc7
28. Bxa6 Qxf5 29. Nb5 Rd7 30. Nd4 Qg6 31. Bb5 Rc7 32. Bf4 Rfc8 33. Rc3 Qf6 34.
Bxe5 dxe5 35. Rf3 Qg6 36. Rg3 Qh6 37. Nc2 Bg5 38. Rgd3 Qf6 39. Rd6 h6 40. Rxb6
Rd8 41. Rbd6 Rxd6 42. Rxd6 Qf4 43. Rd1 1-0

[Event "First Saturday 2010 junius IM-A"]
[Site "Budapest"]
[Date "2010.06.10"]
[Round "6"]
[White "Rooze, Jan"]
[Black "Kahn, Evart dr"]
[Result "0-1"]
[WhiteElo "2338"]
[BlackElo "2247"]
[PlyCount "78"]
[EventDate "2010.06.05"]

1. e4 c5 2. Nc3 g6 3. g3 Bg7 4. Bg2 Nc6 5. d3 e6 6. Nge2 Nge7 7. O-O O-O 8. a3
d6 9. Rb1 a5 10. Nb5 Nd4 11. Nexd4 cxd4 12. c3 Nc6 13. c4 Na7 14. Nxa7 Rxa7 15.
Bd2 Bd7 16. b4 axb4 17. Bxb4 Bc6 18. f4 Re8 19. h4 f5 20. Re1 e5 21. exf5 exf4
22. fxg6 hxg6 23. Qg4 fxg3 24. Qxg3 Re3 25. Rxe3 dxe3 26. Qxg6 Qxh4 27. Be1 Qf6
28. Qh5 Bxg2 29. Kxg2 Rxa3 30. Rxb7 Ra2+ 31. Kg1 Ra1 32. Qe8+ Kh7 33. Qxe3 Qh4
34. Rxg7+ Kxg7 35. Kf1 Qh1+ 36. Kf2 Ra2+ 37. Kg3 Rg2+ 38. Kf4 Qh6+ 39. Kf3 Qh3+
0-1

[Event "First Saturday 2010 junius IM-A"]
[Site "Budapest"]
[Date "2010.06.10"]
[Round "6"]
[White "Brustkern, Juergen"]
[Black "Njili, Kamel"]
[Result "1/2-1/2"]
[WhiteElo "2256"]
[BlackElo "2247"]
[PlyCount "80"]
[EventDate "2010.06.05"]

1. d4 Nf6 2. c4 e6 3. Nc3 Bb4 4. f3 Nc6 5. e4 d5 6. e5 Ng8 7. a3 Bxc3+ 8. bxc3
dxc4 9. Bxc4 Nxe5 10. Be2 Nc6 11. f4 Nge7 12. Nf3 Nd5 13. Qd3 Qd6 14. Ne5 Nxe5
15. fxe5 Qc6 16. Bd2 Qd7 17. O-O c5 18. dxc5 Ne7 19. Rab1 Qxd3 20. Bxd3 Nc6 21.
Bf4 Rb8 22. Be4 Bd7 23. Rf2 Na5 24. Rfb2 Bc6 25. Bxc6+ Nxc6 26. Rxb7 O-O 27.
Kf2 Rfd8 28. Ke2 h6 29. h4 Kf8 30. a4 Ke8 31. R1b5 Rxb7 32. Rxb7 Rd7 33. Rxd7
Kxd7 34. g4 Ke7 35. Kd3 Kf8 36. h5 Kg8 37. Kc4 a6 38. Kd3 Kf8 39. Ke4 Kg8 40.
Be3 Kh7 1/2-1/2

[Event "First Saturday 2010 junius IM-A"]
[Site "Budapest"]
[Date "2010.06.11"]
[Round "7"]
[White "Njili, Kamel"]
[Black "Tavoularis, Nicholas"]
[Result "1-0"]
[WhiteElo "2247"]
[BlackElo "2130"]
[PlyCount "95"]
[EventDate "2010.06.05"]

1. e4 c5 2. Nf3 d6 3. d4 cxd4 4. Nxd4 Nf6 5. Nc3 g6 6. Be3 Bg7 7. f3 O-O 8. Bc4
Nc6 9. Qd2 Bd7 10. h4 Qa5 11. Nb3 Qb4 12. Be2 Na5 13. Bh6 Rfc8 14. Bxg7 Kxg7
15. h5 Nxh5 16. Rxh5 gxh5 17. Qg5+ Kf8 18. Qxa5 Qxa5 19. Nxa5 b5 20. Kd2 Rc5
21. Nd5 e6 22. b4 Rcc8 23. Nf6 Ke7 24. Nxd7 Kxd7 25. Rh1 Rg8 26. Bxb5+ Ke7 27.
Bf1 Rg5 28. a3 f5 29. f4 Rg4 30. exf5 Rxf4 31. Bd3 h4 32. fxe6 Kxe6 33. Ke3 Rg4
34. Be4 Rc8 35. c4 Kf6 36. Bf3 Re8+ 37. Kd3 Rf4 38. Nc6 a6 39. Nd4 Kg5 40. Bc6
Re7 41. Nf3+ Kg4 42. Rxh4+ Kg3 43. Rxf4 Kxf4 44. a4 Re3+ 45. Kd2 Ra3 46. Ne1
Ke5 47. Nc2 Rb3 48. a5 1-0

[Event "First Saturday 2010 junius IM-A"]
[Site "Budapest"]
[Date "2010.06.11"]
[Round "7"]
[White "Kahn, Evart dr"]
[Black "Brustkern, Juergen"]
[Result "1/2-1/2"]
[WhiteElo "2247"]
[BlackElo "2256"]
[PlyCount "35"]
[EventDate "2010.06.05"]

1. c4 Nc6 2. d4 d5 3. cxd5 Qxd5 4. e3 e5 5. Nc3 Bb4 6. Bd2 Bxc3 7. Bxc3 exd4 8.
Ne2 Nf6 9. Nxd4 O-O 10. Nxc6 Qxc6 11. Qf3 Nd5 12. Bd3 Be6 13. Bxh7+ Kxh7 14.
Qh5+ Kg8 15. Bxg7 Kxg7 16. Qg5+ Kh7 17. Qh5+ Kg7 18. Qg5+ 1/2-1/2

[Event "First Saturday 2010 junius IM-A"]
[Site "Budapest"]
[Date "2010.06.11"]
[Round "7"]
[White "Gretarsson, Hjorvar S"]
[Black "Rooze, Jan"]
[Result "1-0"]
[WhiteElo "2394"]
[BlackElo "2338"]
[PlyCount "121"]
[EventDate "2010.06.05"]

1. d4 Nf6 2. c4 c5 3. d5 e6 4. Nc3 exd5 5. cxd5 d6 6. g3 g6 7. Bg2 Bg7 8. Nf3
O-O 9. O-O Na6 10. Nd2 Nc7 11. a4 Nh5 12. e4 b6 13. Nf3 f5 14. exf5 Bxf5 15.
Ng5 Qd7 16. Ne6 Nxe6 17. dxe6 Bxe6 18. Bxa8 Rxa8 19. Re1 Nf6 20. a5 bxa5 21.
Rxa5 Bh3 22. Qb3+ Kh8 23. Qb5 Qf5 24. Qb7 Rg8 25. Ra4 g5 26. Ne4 Ng4 27. f4 h6
28. Nxd6 Qc2 29. Nf7+ Kh7 30. Qe4+ Qxe4 31. Raxe4 gxf4 32. Bxf4 Bxb2 33. Be5
Nxe5 34. Nxe5 Bd4+ 35. Kh1 Be6 36. Nf3 Bd5 37. Rf4 Rb8 38. Kg2 Rb7 39. Kh3 Bc3
40. Re3 Bb4 41. Rf5 Bc4 42. Kh4 Kg7 43. Re4 Bd3 44. Rg4+ Kh7 45. Rh5 Be2 46.
Rf4 c4 47. Re5 Bd3 48. Re6 Be7+ 49. Kg4 Bd8 50. Ne5 Be2+ 51. Kh3 c3 52. Rc6 Ba5
53. Rff6 Re7 54. Rxh6+ Kg8 55. Rhg6+ Kh7 56. Rg5 Bd1 57. Ng4 Bxg4+ 58. Kxg4 Bb4
59. Kh5 Kh8 60. Rh6+ Rh7 61. Rb5 1-0

[Event "First Saturday 2010 junius IM-A"]
[Site "Budapest"]
[Date "2010.06.11"]
[Round "7"]
[White "Kett, Tim"]
[Black "Lengyel, Bela"]
[Result "1/2-1/2"]
[WhiteElo "2223"]
[BlackElo "2266"]
[PlyCount "72"]
[EventDate "2010.06.05"]

1. e4 e5 2. Nf3 Nc6 3. Bc4 Nf6 4. d4 exd4 5. e5 d5 6. Bb5 Ne4 7. Nxd4 Bc5 8.
Be3 Bd7 9. Bxc6 bxc6 10. O-O Qe7 11. f3 Nd6 12. Re1 Nc4 13. Bf2 Nxb2 14. Qc1
Nc4 15. Nd2 Nxd2 16. Qxd2 O-O 17. c3 Bb6 18. Kh1 c5 19. Nb3 c4 20. Nd4 c6 21.
f4 Bxd4 22. Bxd4 Bf5 23. Qf2 Rfb8 24. Bc5 Qd7 25. Rad1 Rb7 26. h3 Rab8 27. Rd2
Rb1 28. Rxb1 Rxb1+ 29. Kh2 a5 30. Rb2 h5 31. Rxb1 Bxb1 32. a3 Qf5 33. Qh4 Kh7
34. Bd4 a4 35. Qg3 Qg6 36. Qxg6+ Kxg6 1/2-1/2

[Event "First Saturday 2010 junius IM-A"]
[Site "Budapest"]
[Date "2010.06.11"]
[Round "7"]
[White "Szalanczy, Emil"]
[Black "Szeberenyi, Adam"]
[Result "1/2-1/2"]
[WhiteElo "2277"]
[BlackElo "2308"]
[PlyCount "61"]
[EventDate "2010.06.05"]

1. e4 c5 2. Nf3 d6 3. d4 cxd4 4. Nxd4 Nf6 5. Nc3 a6 6. Be3 Ng4 7. Bg5 h6 8. Bh4
g5 9. Bg3 Bg7 10. Bc4 Nc6 11. Nxc6 bxc6 12. Qf3 Rf8 13. h4 Ne5 14. Qe2 Nxc4 15.
Qxc4 Qb6 16. O-O-O Rb8 17. b3 Qb4 18. Qxb4 Rxb4 19. a3 Rb7 20. Kb2 f5 21. f3
fxe4 22. fxe4 Rb5 23. Rd3 gxh4 24. Rxh4 h5 25. Rh1 Rc5 26. Re1 Rxc3 27. Rxc3
Bxc3+ 28. Kxc3 Rg8 29. Re3 c5 30. b4 cxb4+ 31. Kxb4 {after 30 move} 1/2-1/2

[Event "First Saturday 2010 junius IM-A"]
[Site "Budapest"]
[Date "2010.06.11"]
[Round "7"]
[White "Antipov, Mikhail A"]
[Black "Iwamoto, Takashi"]
[Result "1-0"]
[WhiteElo "2237"]
[BlackElo "2268"]
[PlyCount "121"]
[EventDate "2010.06.05"]

1. e4 c6 2. d4 d5 3. e5 Bf5 4. Nd2 e6 5. Nb3 Nd7 6. Nf3 a5 7. a4 Ne7 8. Be2 h6
9. O-O Bh7 10. Bd2 g5 11. h3 Bg7 12. Rc1 O-O 13. h4 gxh4 14. Nxh4 c5 15. Nxc5
Nxc5 16. dxc5 Qc7 17. Bf4 Ng6 18. Nxg6 fxg6 19. Qd4 g5 20. Bg3 Rad8 21. c3 Be4
22. Bh5 Qc6 23. f3 Rd7 24. Bf2 Bh7 25. Bg3 Rc7 26. c4 Qxa4 27. Rfd1 dxc4 28.
Bg4 Qc6 29. Qxc4 Bf5 30. Bxf5 Rxf5 31. Rd6 Qe8 32. Rxe6 Qf7 33. Re8+ Bf8 34.
Qxf7+ Kxf7 35. Rb8 Ke6 36. Kf1 g4 37. Ke2 gxf3+ 38. gxf3 Bxc5 39. f4 b6 40. Rd1
Rff7 41. Kf3 Rfd7 42. Rxd7 Rxd7 43. Rh8 Kf5 44. Rxh6 Rd3+ 45. Kg2 Rb3 46. Rh5+
Kg6 47. Rg5+ Kf7 48. f5 Rxb2+ 49. Kf3 a4 50. Rg6 Rb3+ 51. Ke4 Re3+ 52. Kd5 Rd3+
53. Kc6 a3 54. e6+ Kf8 55. Be5 Re3 56. Bg7+ Ke8 57. Bh6 a2 58. Rg8+ Bf8 59.
Rxf8+ Ke7 60. Rf7+ Ke8 61. Ra7 1-0

[Event "First Saturday 2010 junius IM-A"]
[Site "Budapest"]
[Date "2010.06.12"]
[Round "8"]
[White "Tavoularis, Nicholas"]
[Black "Iwamoto, Takashi"]
[Result "1/2-1/2"]
[WhiteElo "2130"]
[BlackElo "2268"]
[PlyCount "82"]
[EventDate "2010.06.05"]

1. e4 e5 2. Bc4 Nf6 3. d3 Nc6 4. Nc3 Na5 5. Nf3 Nxc4 6. dxc4 Bb4 7. Qd3 d6 8.
Bd2 O-O 9. O-O b6 10. Nd5 Nxd5 11. cxd5 Bxd2 12. Nxd2 f5 13. exf5 Bxf5 14. Ne4
Bxe4 15. Qxe4 Rf4 16. Qe3 Qf6 17. Rad1 Rf8 18. Rd3 Qg6 19. Qe2 Re4 20. Re3 Rff4
21. Rd1 Rd4 22. c3 Rxd1+ 23. Qxd1 Qf5 24. f3 h5 25. g3 Qg6 26. Qd3 Qxd3 27.
Rxd3 Ra4 28. a3 e4 29. fxe4 Rxe4 30. Kf2 Re5 31. Rd4 Kf8 32. c4 g5 33. h3 Kf7
34. h4 Kf6 35. hxg5+ Kxg5 36. b3 a6 37. a4 a5 38. Rh4 Kf6 39. Rd4 Rf5+ 40. Ke2
Rg5 41. Kf2 Ke5 1/2-1/2

[Event "First Saturday 2010 junius IM-A"]
[Site "Budapest"]
[Date "2010.06.12"]
[Round "8"]
[White "Lengyel, Bela"]
[Black "Szalanczy, Emil"]
[Result "1/2-1/2"]
[WhiteElo "2266"]
[BlackElo "2277"]
[PlyCount "55"]
[EventDate "2010.06.05"]

1. e4 c5 2. Nf3 d6 3. d4 cxd4 4. Nxd4 Nf6 5. Nc3 g6 6. Be2 Bg7 7. O-O Nc6 8.
Nb3 O-O 9. Kh1 Be6 10. f4 Rc8 11. f5 Bd7 12. Bg5 Ne5 13. Bxf6 Bxf6 14. Nd5 Bg7
15. c3 Bc6 16. Qd2 e6 17. f6 exd5 18. fxg7 Kxg7 19. exd5 Bd7 20. Rf4 f5 21.
Raf1 Qe7 22. Rb4 b6 23. Nd4 Rc5 24. Bf3 g5 25. g3 f4 26. Bg2 fxg3 27. Rxf8 Kxf8
28. hxg3 1/2-1/2

[Event "First Saturday 2010 junius IM-A"]
[Site "Budapest"]
[Date "2010.06.12"]
[Round "8"]
[White "Brustkern, Juergen"]
[Black "Gretarsson, Hjorvar S"]
[Result "0-1"]
[WhiteElo "2256"]
[BlackElo "2394"]
[PlyCount "98"]
[EventDate "2010.06.05"]

1. d4 Nf6 2. Nf3 e6 3. e3 b6 4. Bd3 Bb7 5. O-O c5 6. c4 d6 7. Nc3 Nbd7 8. b3
Be7 9. Bb2 a6 10. d5 exd5 11. cxd5 Nxd5 12. Nxd5 Bxd5 13. Bxg7 Rg8 14. e4 Be6
15. Bb2 Bh3 16. Ne1 Bf6 17. Rb1 Ne5 18. Kh1 Bd7 19. Be2 Bb5 20. a4 Bc6 21. f3
Qe7 22. Nd3 Ng6 23. Qd2 Kf8 24. Rbe1 Re8 25. Bxf6 Qxf6 26. Qh6+ Qg7 27. Qxg7+
Rxg7 28. Rd1 f5 29. exf5 Nh4 30. Nf4 Nxf5 31. Bxa6 Ne3 32. Rxd6 Nxf1 33. Bxf1
Re1 34. Kg1 Rc7 35. Kf2 Rc1 36. Rf6+ Ke8 37. Bc4 Bxa4 38. Nd5 Rc6 39. Rf4 b5
40. Nf6+ Ke7 41. Ng8+ Kd6 42. Rf6+ Kc7 43. Rf7+ Kb6 44. bxa4 bxc4 45. Ne7 c3
46. Ke2 Re6+ 47. Kd3 Rd6+ 48. Kc4 Rd4+ 49. Kb3 Rb4+ 0-1

[Event "First Saturday 2010 junius IM-A"]
[Site "Budapest"]
[Date "2010.06.12"]
[Round "8"]
[White "Njili, Kamel"]
[Black "Kahn, Evart dr"]
[Result "1-0"]
[WhiteElo "2247"]
[BlackElo "2247"]
[PlyCount "73"]
[EventDate "2010.06.05"]

1. e4 c5 2. Nf3 d6 3. d4 cxd4 4. Nxd4 Nf6 5. Nc3 g6 6. Be3 Bg7 7. f3 O-O 8. Bc4
Nc6 9. Qd2 Bd7 10. h4 Ne5 11. Bb3 Qa5 12. O-O-O Rfc8 13. h5 Nxh5 14. Nd5 Qxd2+
15. Rxd2 Kf8 16. g4 Nf6 17. Bh6 Nxd5 18. Bxd5 Bc6 19. Bb3 e6 20. Rdh2 Bxh6+ 21.
Rxh6 d5 22. Rxh7 Rd8 23. exd5 Bxd5 24. Bxd5 exd5 25. g5 Nc6 26. Nb5 Ne7 27.
Rh8+ Ng8 28. f4 a6 29. Nd4 Re8 30. f5 gxf5 31. Nxf5 Re5 32. Rf1 Rae8 33. Kd1
R5e6 34. Rh7 Rd8 35. Nd4 Re7 36. g6 f6 37. Nf5 1-0

[Event "First Saturday 2010 junius IM-A"]
[Site "Budapest"]
[Date "2010.06.13"]
[Round "9"]
[White "Kahn, Evart dr"]
[Black "Tavoularis, Nicholas"]
[Result "1/2-1/2"]
[WhiteElo "2247"]
[BlackElo "2130"]
[PlyCount "81"]
[EventDate "2010.06.05"]

1. e4 d5 2. exd5 Nf6 3. Nc3 Nxd5 4. Bc4 Nb6 5. Bb3 c5 6. d3 Nc6 7. Be3 e6 8.
Ne4 Nd4 9. Nf3 Nxb3 10. axb3 Qc7 11. Qd2 Nd5 12. O-O Be7 13. Bg5 f6 14. Bh4 O-O
15. Bg3 Qd8 16. Nc3 e5 17. Nxd5 Qxd5 18. Qc3 b5 19. Qa5 Qc6 20. Nd2 Bb7 21. f3
Bd8 22. Qc3 Bb6 23. Bf2 Rac8 24. Rae1 Qc7 25. Ra1 Rfd8 26. Kh1 Bd5 27. Ne4 c4
28. Bxb6 axb6 29. Qb4 cxd3 30. cxd3 Bxe4 31. dxe4 Qc5 32. Qxc5 Rxc5 33. Ra6 Rc2
34. Rxb6 Rxb2 35. h4 Rdd2 36. Rg1 Rxb3 37. Rb8+ Kf7 38. Rb7+ Kg6 39. Rc1 Rd8
40. Rcc7 Rg8 41. Kh2 1/2-1/2

[Event "First Saturday 2010 junius IM-A"]
[Site "Budapest"]
[Date "2010.06.13"]
[Round "9"]
[White "Gretarsson, Hjorvar S"]
[Black "Njili, Kamel"]
[Result "1/2-1/2"]
[WhiteElo "2394"]
[BlackElo "2247"]
[PlyCount "73"]
[EventDate "2010.06.05"]

1. d4 Nf6 2. c4 e6 3. Nc3 Bb4 4. e3 Bxc3+ 5. bxc3 O-O 6. Bd3 d6 7. Ne2 Nc6 8.
Ng3 e5 9. O-O Re8 10. Qc2 Na5 11. f4 e4 12. Nxe4 Nxe4 13. Bxe4 Nxc4 14. Bxh7+
Kh8 15. Bd3 Nxe3 16. Bxe3 Rxe3 17. Rae1 Rxe1 18. Rxe1 Bg4 19. Qf2 Bd7 20. Qe2
g6 21. f5 gxf5 22. Qh5+ Kg7 23. Bxf5 Bxf5 24. Qxf5 Qf6 25. Qe4 c6 26. Re3 Rh8
27. h3 Rh5 28. Qg4+ Rg5 29. Qe2 b5 30. a3 a5 31. h4 Rg6 32. h5 Rg5 33. Rh3 Qe6
34. Qf3 Qd5 35. Qe2 Qe6 36. Qf3 Qd5 37. Qe2 1/2-1/2

[Event "First Saturday 2010 junius IM-A"]
[Site "Budapest"]
[Date "2010.06.13"]
[Round "9"]
[White "Kett, Tim"]
[Black "Brustkern, Juergen"]
[Result "1/2-1/2"]
[WhiteElo "2223"]
[BlackElo "2256"]
[PlyCount "93"]
[EventDate "2010.06.05"]

1. e4 c5 2. Nf3 Nc6 3. d4 cxd4 4. Nxd4 e5 5. Nb5 d6 6. N1c3 a6 7. Na3 b5 8. Nd5
Nge7 9. c4 Nd4 10. cxb5 Nxd5 11. exd5 Be7 12. Nc2 Nxb5 13. Bc4 O-O 14. O-O Rb8
15. a4 Nc7 16. b3 Bg5 17. Ba3 a5 18. Bb2 Na6 19. Bc3 Nc5 20. Na3 Ne4 21. Be1 f5
22. Bb5 Rf7 23. Nc4 Ra7 24. f3 Nc5 25. b4 axb4 26. Bxb4 Bf6 27. Rb1 e4 28. Kh1
Ba6 29. Bxa6 Rxa6 30. Bxc5 dxc5 31. Rxb8 Qxb8 32. Qc2 Qa8 33. fxe4 fxe4 34.
Qxe4 Rxa4 35. h3 Kh8 36. Rf4 h6 37. Qf5 Rxc4 38. Rxc4 Qa1+ 39. Kh2 Be5+ 40. g3
Bd4 41. Rxd4 Qb2+ 42. Kh1 Qxd4 43. Qf8+ Kh7 44. d6 Qd1+ 45. Kg2 Qd5+ 46. Kf2
Qd2+ 47. Kf3 1/2-1/2

[Event "First Saturday 2010 junius IM-A"]
[Site "Budapest"]
[Date "2010.06.13"]
[Round "9"]
[White "Szalanczy, Emil"]
[Black "Rooze, Jan"]
[Result "0-1"]
[WhiteElo "2277"]
[BlackElo "2338"]
[PlyCount "120"]
[EventDate "2010.06.05"]

1. e4 c5 2. Nf3 e6 3. d4 cxd4 4. Nxd4 a6 5. Nc3 Qc7 6. f4 b5 7. Bd3 Bb7 8. Bd2
Bc5 9. Nb3 Be7 10. Qe2 Nf6 11. e5 b4 12. exf6 bxc3 13. fxe7 cxd2+ 14. Qxd2 Nc6
15. O-O-O Nxe7 16. Rhe1 O-O 17. g3 f5 18. Re5 Bd5 19. Qa5 Qa7 20. Qc5 Qxc5 21.
Nxc5 d6 22. Rxe6 Bxe6 23. Nxe6 Rfc8 24. Be2 d5 25. Bf3 Rc6 26. Nd4 Rf6 27. Re1
Ra7 28. Kd2 g6 29. Re3 Rb6 30. b3 Rd7 31. Rc3 h6 32. h4 g5 33. Bh5 g4 34. a3
Kg7 35. Be8 Rd8 36. Ba4 Kf6 37. Rc7 Rbd6 38. Kd3 Rf8 39. h5 Rc8 40. Ra7 Rb6 41.
c3 Rcb8 42. Rc7 R6b7 43. Rc5 Rc8 44. Ra5 Rb6 45. b4 Rc7 46. Nb3 Rd6 47. Nc5 Nc8
48. Rxa6 Rxa6 49. Nxa6 Ra7 50. Bb5 Nd6 51. a4 Ne4 52. Nc5 Nxg3 53. Bc6 Nxh5 54.
Ke3 Re7+ 55. Kf2 Nxf4 56. b5 Re2+ 57. Kf1 Rb2 58. b6 g3 59. Bxd5 Nxd5 60. b7
Ne3+ 0-1

[Event "First Saturday 2010 junius IM-A"]
[Site "Budapest"]
[Date "2010.06.13"]
[Round "9"]
[White "Antipov, Mikhail A"]
[Black "Lengyel, Bela"]
[Result "1-0"]
[WhiteElo "2237"]
[BlackElo "2266"]
[PlyCount "93"]
[EventDate "2010.06.05"]

1. e4 e5 2. Bc4 Nf6 3. d3 Bc5 4. Nf3 d6 5. c3 Nc6 6. O-O a6 7. Bb3 Ba7 8. Nbd2
O-O 9. h3 Ne7 10. Re1 Ng6 11. Nf1 h6 12. Ng3 c6 13. d4 Qc7 14. Be3 Re8 15. Bc2
Be6 16. Qd2 Kh7 17. Rad1 Rad8 18. Qc1 b5 19. Nf5 Ng8 20. h4 Kh8 21. h5 Nf8 22.
N3h4 c5 23. d5 Bxf5 24. Nxf5 Nh7 25. c4 Ngf6 26. Bd3 b4 27. Ng3 Bb6 28. Bc2 Rb8
29. Ba4 Rg8 30. Rd3 Qd8 31. Qd1 Qf8 32. f4 g6 33. fxe5 dxe5 34. hxg6 fxg6 35.
d6 h5 36. Rf1 Qd8 37. Bc6 Ng4 38. Rf3 Nxe3 39. Rdxe3 Qg5 40. d7 Bd8 41. Qd6 Be7
42. Qe6 Rgf8 43. Bd5 Rf4 44. Nf5 Rxf3 45. Qxe5+ Qf6 46. Qxb8+ Nf8 47. Rxf3 1-0

[Event "First Saturday 2010 junius IM-A"]
[Site "Budapest"]
[Date "2010.06.13"]
[Round "9"]
[White "Iwamoto, Takashi"]
[Black "Szeberenyi, Adam"]
[Result "1-0"]
[WhiteElo "2268"]
[BlackElo "2308"]
[PlyCount "113"]
[EventDate "2010.06.05"]

1. Nf3 c5 2. c3 d5 3. d4 e6 4. Bf4 Bd6 5. Bg3 Nc6 6. e3 Nf6 7. Nbd2 O-O 8. Bd3
Qe7 9. Bxd6 Qxd6 10. O-O e5 11. dxc5 Qxc5 12. e4 Bg4 13. Nb3 Qd6 14. exd5 Qxd5
15. Be2 Rad8 16. Qxd5 Nxd5 17. h3 Bh5 18. g3 e4 19. Nfd4 Nxd4 20. Bxh5 Nxb3 21.
axb3 Nf6 22. Bd1 a6 23. Bc2 Rd2 24. Rac1 g5 25. Rfd1 Rfd8 26. Kf1 Kg7 27. Ke1
Rxd1+ 28. Rxd1 Re8 29. Rd4 e3 30. f3 Nh5 31. Rg4 h6 32. h4 Nf6 33. Rd4 Nh5 34.
Rg4 Rd8 35. hxg5 Rd2 36. Be4 Rxb2 37. Bxb7 Rg2 38. gxh6+ Kxh6 39. Rh4 Rxg3 40.
Ke2 Kg5 41. Ra4 f5 42. Kxe3 f4+ 43. Kd3 Rg1 44. Rxa6 Ng3 45. b4 Kf5 46. Bc8+
Kg5 47. b5 Rd1+ 48. Kc2 Rd8 49. Rc6 Nf1 50. b6 Ne3+ 51. Kb3 Rd1 52. Rc5+ Kf6
53. b7 Rb1+ 54. Ka2 Rb6 55. Rc6+ Rxc6 56. b8=Q Nd5 57. Bb7 1-0

[Event "First Saturday 2010 junius IM-A"]
[Site "Budapest"]
[Date "2010.06.14"]
[Round "10"]
[White "Tavoularis, Nicholas"]
[Black "Szeberenyi, Adam"]
[Result "1-0"]
[WhiteElo "2130"]
[BlackElo "2308"]
[PlyCount "87"]
[EventDate "2010.06.05"]

1. e4 c5 2. Nc3 Nc6 3. f4 g6 4. Nf3 Bg7 5. Bb5 Nd4 6. O-O Nxb5 7. Nxb5 a6 8.
Nc3 d6 9. d3 Nf6 10. a4 O-O 11. Qe1 Rb8 12. a5 Bg4 13. Qh4 Bxf3 14. Rxf3 e6 15.
f5 Nh5 16. Bg5 Bf6 17. Bxf6 Qxf6 18. Qh3 exf5 19. Kh1 Qg5 20. exf5 Nf4 21. Qg3
Qxg3 22. hxg3 Nh5 23. f6 g5 24. g4 Nf4 25. g3 Ne6 26. Nd5 Rfe8 27. c3 h6 28.
Kg2 Nf8 29. Ne7+ Kh7 30. Rh1 Ng6 31. Nf5 Re6 32. Nxh6 Nh4+ 33. gxh4 Kxh6 34.
hxg5+ Kxg5 35. Rh7 Rxf6 36. Rg7+ Rg6 37. Rgxf7 b6 38. Kg3 Re6 39. Rg7+ Kh6 40.
Rff7 Re2 41. g5+ Kh5 42. axb6 Rxb6 43. Rf6 Re3+ 44. Kf4 1-0

[Event "First Saturday 2010 junius IM-A"]
[Site "Budapest"]
[Date "2010.06.14"]
[Round "10"]
[White "Lengyel, Bela"]
[Black "Iwamoto, Takashi"]
[Result "0-1"]
[WhiteElo "2266"]
[BlackElo "2268"]
[PlyCount "100"]
[EventDate "2010.06.05"]

1. e4 e5 2. Nf3 Nc6 3. Bb5 a6 4. Ba4 Nf6 5. Qe2 b5 6. Bb3 Bc5 7. a4 Bb7 8. c3
O-O 9. d3 h6 10. O-O Re8 11. Be3 Bxe3 12. Qxe3 d5 13. Nbd2 Qd6 14. Rfc1 Rad8
15. Bc2 d4 16. Qe2 Nh5 17. g3 Nf6 18. axb5 axb5 19. c4 b4 20. Ba4 Nd7 21. Nb3
Nc5 22. Nxc5 Qxc5 23. Nh4 Re6 24. Bxc6 Rxc6 25. Ra2 Ra8 26. Rxa8+ Bxa8 27. Ra1
Bb7 28. Qd1 g6 29. Qd2 Kg7 30. Ra4 Rb6 31. Qd1 Qd6 32. Qg4 Kh7 33. Ra5 c5 34.
f4 exf4 35. gxf4 Ra6 36. Rxa6 Qxa6 37. Qd7 Kg7 38. f5 Bc8 39. Qc7 gxf5 40. Qxc5
Qa1+ 41. Kf2 Qxb2+ 42. Kg3 f4+ 43. Kf3 Qxh2 44. Qxd4+ Kh7 45. Qf6 Qg3+ 46. Ke2
Qe3+ 47. Kd1 Qxd3+ 48. Kc1 Qxc4+ 49. Kd2 Bg4 50. Nf5 Qc3+ 0-1

[Event "First Saturday 2010 junius IM-A"]
[Site "Budapest"]
[Date "2010.06.14"]
[Round "10"]
[White "Rooze, Jan"]
[Black "Antipov, Mikhail A"]
[Result "0-1"]
[WhiteElo "2338"]
[BlackElo "2237"]
[PlyCount "76"]
[EventDate "2010.06.05"]

1. e4 c5 2. Nc3 d6 3. f4 Nc6 4. Bb5 Bd7 5. Nf3 g6 6. O-O Bg7 7. d3 e6 8. Bxc6
Bxc6 9. f5 exf5 10. exf5 Ne7 11. fxg6 hxg6 12. Bg5 Rh5 13. Qd2 f6 14. Bf4 Qd7
15. Ne4 Bxe4 16. dxe4 O-O-O 17. Rad1 d5 18. c4 d4 19. Ne1 g5 20. Bg3 b6 21. Nd3
f5 22. Qe2 Rhh8 23. exf5 Nxf5 24. Qe4 Nxg3 25. Qa8+ Kc7 26. Qxa7+ Kc6 27. Qa4+
Kb7 28. Qxd7+ Rxd7 29. hxg3 Ra8 30. a3 Ra4 31. Rc1 g4 32. Rf5 Bh6 33. Rc2 Kc7
34. Kf1 Re7 35. Rf6 Be3 36. Rg6 Ra8 37. Ke2 Rf8 38. Rxg4 Bh6+ 0-1

[Event "First Saturday 2010 junius IM-A"]
[Site "Budapest"]
[Date "2010.06.14"]
[Round "10"]
[White "Brustkern, Juergen"]
[Black "Szalanczy, Emil"]
[Result "0-1"]
[WhiteElo "2256"]
[BlackElo "2277"]
[PlyCount "60"]
[EventDate "2010.06.05"]

1. d4 c5 2. d5 e6 3. c4 exd5 4. cxd5 d6 5. Nc3 g6 6. e4 Bg7 7. f4 Nh6 8. Nf3
O-O 9. Bd3 Bg4 10. h3 Bxf3 11. Qxf3 Nd7 12. g4 Kh8 13. g5 Ng8 14. Bd2 h5 15.
O-O-O c4 16. Bxc4 b5 17. Bxb5 Rb8 18. e5 Ne7 19. Qf2 Nf5 20. Qxa7 Nc5 21. Bc6
Rb6 22. Rhe1 Ra6 23. Qxa6 Nxa6 24. e6 Nc5 25. Be3 Qa5 26. e7 Nxe7 27. Bxc5 Qxc5
28. Rxe7 Bxc3 29. bxc3 Qxc3+ 30. Kb1 Rb8+ 0-1

[Event "First Saturday 2010 junius IM-A"]
[Site "Budapest"]
[Date "2010.06.14"]
[Round "10"]
[White "Kahn, Evart dr"]
[Black "Gretarsson, Hjorvar S"]
[Result "0-1"]
[WhiteElo "2247"]
[BlackElo "2394"]
[PlyCount "72"]
[EventDate "2010.06.05"]

1. d4 Nf6 2. c4 e6 3. Nf3 Bb4+ 4. Bd2 Qe7 5. a3 Bxd2+ 6. Qxd2 O-O 7. Nc3 d6 8.
g3 e5 9. Bg2 Bg4 10. O-O Nc6 11. dxe5 dxe5 12. Nd5 Nxd5 13. cxd5 Rad8 14. Rfd1
Rd6 15. Qe3 Rfd8 16. Qb3 Na5 17. Qb4 Bxf3 18. exf3 b6 19. Re1 c5 20. Qb5 Qd7
21. Qxd7 R6xd7 22. Rxe5 Nc4 23. Re2 Rxd5 24. Bh3 Kf8 25. Kg2 Rd2 26. Rxd2 Rxd2
27. b4 Ne3+ 28. Kg1 Nc2 29. Rc1 c4 30. a4 Ke7 31. Bf1 c3 32. Bc4 Kd6 33. Kf1 f6
34. Bb3 Nxb4 35. Rxc3 Nd3 36. Rxd3+ Rxd3 0-1

[Event "First Saturday 2010 junius IM-A"]
[Site "Budapest"]
[Date "2010.06.15"]
[Round "11"]
[White "Gretarsson, Hjorvar S"]
[Black "Tavoularis, Nicholas"]
[Result "1-0"]
[WhiteElo "2394"]
[BlackElo "2130"]
[PlyCount "61"]
[EventDate "2010.06.05"]

1. d4 f5 2. g3 Nf6 3. Bg2 g6 4. Nf3 Bg7 5. O-O O-O 6. b3 d6 7. Bb2 e5 8. dxe5
Ng4 9. Na3 Nxe5 10. Nxe5 dxe5 11. Qxd8 Rxd8 12. Nb5 Na6 13. Rad1 Re8 14. Bd5+
Kh8 15. Bf7 Rf8 16. Ba3 c5 17. Bc4 Bf6 18. Nd6 Nb4 19. c3 Nxa2 20. Bxc5 b6 21.
Ba3 Nxc3 22. Rc1 e4 23. Nb5 Nxb5 24. Bxf8 Bd7 25. Bb4 a5 26. Bd2 Nd4 27. Bc3
Bc6 28. Rfd1 Rd8 29. e3 Nf3+ 30. Kg2 Rf8 31. Rd8 1-0

[Event "First Saturday 2010 junius IM-A"]
[Site "Budapest"]
[Date "2010.06.15"]
[Round "11"]
[White "Kett, Tim"]
[Black "Kahn, Evart dr"]
[Result "1/2-1/2"]
[WhiteElo "2223"]
[BlackElo "2247"]
[PlyCount "80"]
[EventDate "2010.06.05"]

1. e4 c5 2. Nf3 d6 3. d4 cxd4 4. Nxd4 Nf6 5. Nc3 g6 6. Be3 Bg7 7. f3 O-O 8. Qd2
Nc6 9. Bc4 Bd7 10. O-O-O Ne5 11. Bb3 Rc8 12. h4 h5 13. Bg5 Rc5 14. Rhe1 Qa5 15.
Kb1 Rfc8 16. f4 Neg4 17. f5 gxf5 18. Nxf5 Bxf5 19. exf5 Rxc3 20. bxc3 d5 21.
Rxe7 Ne4 22. Rxe4 dxe4 23. Bxf7+ Kh8 24. Qd8+ Rxd8 25. Rxd8+ Bf8 26. Bxh5 Qb5+
27. Kc1 Qxf5 28. Bxg4 Qxg4 29. Rxf8+ Kg7 30. Rb8 Qxg2 31. Rxb7+ Kg6 32. Re7
Qf1+ 33. Kb2 Qb5+ 34. Kc1 Qa4 35. Kb2 Qc6 36. Re5 Kh5 37. Be3+ Kxh4 38. Bxa7
Qb7+ 39. Kc1 Qxa7 40. Rxe4+ Kg3 1/2-1/2